000
00297nam a22001337a 4500
008
171228b xxu||||| |||| 00| 0 eng d
020
_a
9780471238232
041
_a
eng
080
_a
330.722
100
_a
62
101
_a
KON
245
_a
MANAGERIAL ACCOUNTING
_c
JIAMBALVO, J
942
_2
udc
_c
BK
999
_c
39549
_d
39549